| 000 | 00412nam a2200145Ia 4500 | ||
|---|---|---|---|
| 008 | 220204s9999 xx 000 0 und d | ||
| 082 |
_a543.544:678 _bMOO |
||
| 100 | _aMoody, G J | ||
| 245 | 0 | _aChromatographic seperation and extraction with foamed plastics and rubbers | |
| 260 |
_aNew York _bMarcel Dekker _c1982 |
||
| 650 | _aFoam rubber | ||
| 650 | _aPolyurethane | ||
| 700 | _aThomas, J D R | ||
| 942 | _cBK | ||
| 999 |
_c38991 _d38991 |
||